000 00287nam a2200121Ia 4500
005 20251222155131.0
008 251222s9999||||xx |||||||||||||| ||spa||
082 _aETI.130
100 _aPANGRAZZI,Arnaldo.
245 0 _aLa pérdida de un ser querido
264 _bNo tiene
942 _cLIB
999 _c38821
_d38821